Manažment znalostí, inovácie a konkurencieschopnosť v čase hospodárskej recesie
Inovačné aktivity ako výsledky výskumu a vývoja sú hybnou silou rozvoja ekonomiky. Vplyvy a úroveň inovačných aktivít. Inovácie ako zdroj dosahovania konkurenčnej výhody. Hlavné nedostatky inovačného systému v Slovenskej republike. Celosvetový trend prechodu na znalostnú ekonomiku.
Saved in:
| Main Author: | |
|---|---|
| Other Authors: | |
| Format: | Book Chapter |
| Language: | Slovak |
| Subjects: | |
| Tags: |
No Tags, Be the first to tag this record!
|
MARC
| LEADER | 00000naa$a2200000$$$4500 | ||
|---|---|---|---|
| 001 | 0115664 | ||
| 005 | 20240502072304.6 | ||
| 041 | 0 | |a slo | |
| 044 | |a SK | ||
| 245 | 1 | 0 | |a Manažment znalostí, inovácie a konkurencieschopnosť v čase hospodárskej recesie |c Jaroslav Dugas, Štefan Hičák |
| 520 | |a Inovačné aktivity ako výsledky výskumu a vývoja sú hybnou silou rozvoja ekonomiky. Vplyvy a úroveň inovačných aktivít. Inovácie ako zdroj dosahovania konkurenčnej výhody. Hlavné nedostatky inovačného systému v Slovenskej republike. Celosvetový trend prechodu na znalostnú ekonomiku. | ||
| 610 | 2 | 0 | |a Slovensko |
| 610 | 2 | 0 | |a stratégia inovačná |
| 610 | 2 | 0 | |a investície |
| 610 | 2 | 0 | |a zdroje finančné |
| 610 | 2 | 0 | |a manažment znalostný |
| 610 | 2 | 0 | |a objavy |
| 610 | 2 | 0 | |a vynálezy |
| 610 | 2 | 0 | |a vývoj výrobku |
| 610 | 2 | 0 | |a efektívnosť inovácií |
| 610 | 2 | 0 | |a konkurencia |
| 610 | 2 | 0 | |a ekonomika vedomostná |
| 100 | 1 | |a Dugas, Jaroslav, 1967- | |
| 700 | 1 | |a Hičák, Štefan, 1983- | |